| 000 | 01171cam a2200349 a 4500 | ||
|---|---|---|---|
| 001 | 5669 | ||
| 003 | FISKH | ||
| 005 | 20250113085423.0 | ||
| 008 | 100618s2010 nyua c 000 1 eng | ||
| 010 | _a 2010022774 | ||
| 020 | _a9781595141774 | ||
| 020 | _a9780545345088 | ||
| 040 |
_aDLC _cDLC _dDLC _beng |
||
| 050 | 0 | 0 | _aPZ7.B635899 |
| 082 | _a437 | ||
| 100 | 1 | _aBolger, Kevin. | |
| 245 | 1 | 0 |
_aZombiekins / _cKevin Bolger ; illustrated by Aaron Blecha. |
| 250 | _aThis edition first printing, February 2011 | ||
| 260 |
_aNew York : _bScholastic, _c2010 |
||
| 300 |
_a206 pages : _billustrations ; _c20 cm |
||
| 520 | _aStanley Nudelman buys a weird stuffed animal at the yard sale of a woman rumored to be a witch, and soon he and his friend Miranda are trying to save their schoolmates from becoming zombies. | ||
| 650 | 1 |
_aToys _vFiction. |
|
| 650 | 1 |
_aZombies _vFiction. |
|
| 650 | 1 |
_aWitchcraft _vFiction. |
|
| 650 | 1 |
_aSchools _vFiction. |
|
| 650 | 1 |
_aFamily life _vFiction. |
|
| 650 | 1 | _aHumorous stories. | |
| 700 | 1 |
_aBlecha, Aaron, _eillustrator |
|
| 906 |
_a7 _bcbc _corignew _d1 _eecip _f20 _gy-gencatlg |
||
| 942 |
_2ddc _cBK _n0 |
||
| 999 |
_c5669 _d5669 |
||